[Event "LAT-ch (Women)"]
[Site "Riga"]
[Date "2019.05.04"]
[Round "6"]
[White "Kuznecova, Marija"]
[Black "Vainovska, Valentina"]
[Result "1-0"]
[WhiteElo "1331"]
[BlackElo "1683"]
[PlyCount "53"]
[EventDate "2019.04.29"]
[EventType "swiss"]
[EventRounds "7"]
[EventCountry "LAT"]
[SourceTitle "CBM 190 Extra"]
[Source "ChessBase"]
[SourceDate "2019.07.15"]
[SourceVersion "1"]
[SourceVersionDate "2019.07.15"]
[SourceQuality "1"]

1. d4 d5 2. Bf4 Nf6 3. e3 e6 4. Nf3 c5 5. c3 Nc6 6. Bd3 Be7 7. Nbd2 0-0 8. Ne5 g6 9. g4 cxd4 10. exd4 Nxe5 11. dxe5 Nd7 12. Nf3 Nc5 13. Bh6 Re8 14. h4 Nxd3+ 15. Qxd3 Qb6 16. 0-0-0 Bd7 17. h5 Bb5 18. Qd2 Qa6 19. Nd4 Qxa2 20. Nxb5 Qa1+ 21. Kc2 Qa4+ 22. Kb1 Qxb5 23. hxg6 fxg6 24. Bg7 g5 25. Qc2 Rf8 26. Qxh7+ Kf7 27. Bf6+ 1-0

[Event "LAT-ch (Women)"]
[Site "Riga"]
[Date "2017.10.10"]
[Round "7"]
[White "Vainovska, Valentina"]
[Black "Zalcmane, Vija"]
[Result "1/2-1/2"]
[WhiteElo "1676"]
[BlackElo "1533"]
[PlyCount "49"]
[EventDate "2017.10.05"]
[EventType "swiss"]
[EventRounds "7"]
[EventCountry "LAT"]
[SourceTitle "CBM 181 Extra"]
[Source "ChessBase"]
[SourceDate "2017.12.12"]
[SourceVersion "1"]
[SourceVersionDate "2017.12.12"]
[SourceQuality "1"]

1. d4 Nf6 2. Nf3 e6 3. c4 b6 4. Nc3 Bb7 5. e3 Bb4 6. Bd2 0-0 7. Bd3 d5 8. 0-0 Nbd7 9. Nxd5 Nxd5 10. cxd5 Bxd2 11. Qxd2 exd5 12. Rac1 c5 13. b3 Rc8 14. Qe2 Rc7 15. Rfd1 Qe7 16. g3 g6 17. h4 h5 18. Ng5 Nf6 19. Nf3 Ng4 20. Rc2 Rfc8 21. Rdc1 Kg7 22. Kg2 Re8 23. Bb5 Rec8 24. Bd3 Re8 25. Bb5 1/2-1/2

[Event "LAT-ch (Women)"]
[Site "Riga"]
[Date "2017.10.08"]
[Round "4"]
[White "Limanovska, Elizabete"]
[Black "Vainovska, Valentina"]
[Result "1-0"]
[WhiteElo "1972"]
[BlackElo "1676"]
[PlyCount "71"]
[EventDate "2017.10.05"]
[EventType "swiss"]
[EventRounds "7"]
[EventCountry "LAT"]
[SourceTitle "CBM 181 Extra"]
[Source "ChessBase"]
[SourceDate "2017.12.12"]
[SourceVersion "1"]
[SourceVersionDate "2017.12.12"]
[SourceQuality "1"]

1. e4 c5 2. Nf3 Nc6 3. d4 cxd4 4. Nxd4 g6 5. c4 Bg7 6. Be3 Nf6 7. Nc3 d6 8. Be2 0-0 9. 0-0 Bd7 10. Rc1 Nxd4 11. Bxd4 Bc6 12. Qd3 a5 13. f4 Nd7 14. Bxg7 Kxg7 15. Kh1 Nc5 16. Qd4+ f6 17. e5 Ne6 18. Qe3 dxe5 19. fxe5 f5 20. Rcd1 f4 21. Qf2 Qe8 22. Nd5 h5 23. Qh4 Rf5 24. Bd3 g5 25. Qe1 Rf7 26. Qe4 Kf8 27. Qg6 Bxd5 28. cxd5 Nc5 29. Qxg5 Nxd3 30. Rxd3 Rc8 31. Qxh5 Rg7 32. Qh8+ Rg8 33. Rxf4+ Qf7 34. Rxf7+ Kxf7 35. Qh5+ Rg6 36. Qf5+ 1-0

[Event "EU-ch (Women) 18th"]
[Site "Riga"]
[Date "2017.04.17"]
[Round "7"]
[White "Vainovska, Valentina"]
[Black "Nikolajeva, Marija"]
[Result "1/2-1/2"]
[WhiteElo "1792"]
[BlackElo "1673"]
[PlyCount "129"]
[EventDate "2017.04.11"]
[EventType "swiss"]
[EventRounds "11"]
[EventCountry "LAT"]
[SourceTitle "CBM 177 Extra"]
[Source "ChessBase"]
[SourceDate "2017.04.27"]
[SourceVersion "1"]
[SourceVersionDate "2017.04.27"]
[SourceQuality "1"]

1. d4 d5 2. Nf3 Nf6 3. Bf4 Bf5 4. Nbd2 e6 5. e3 Bd6 6. Bxd6 Qxd6 7. Be2 Nbd7 8. 0-0 0-0 9. c4 c5 10. Rc1 Rac8 11. Nh4 Bg6 12. Nxg6 hxg6 13. cxd5 exd5 14. dxc5 Rxc5 15. Nb3 Rxc1 16. Qxc1 Nb6 17. Rd1 Rc8 18. Qb1 Qe5 19. Nd4 a6 20. b4 Ne4 21. Qb2 Nc3 22. Re1 Nxe2+ 23. Qxe2 Rc4 24. Qd2 Qe8 25. h3 Na4 26. Rc1 Qc8 27. Re1 b5 28. Nf3 Nc3 29. a3 Qf5 30. Nd4 Qe4 31. f3 Qh4 32. Kh2 Qf6 33. Nb3 Qe5+ 34. g3 Qf5 35. Nd4 Qf6 36. Kg2 Qb6 37. h4 Qc7 38. Nb3 Ne4 39. fxe4 Rc2 40. exd5 Rxd2+ 41. Nxd2 Qc2 42. Re2 Qd3 43. Kf2 Qxd5 44. Nf3 Qb3 45. Rd2 Kf8 46. Ne5 Qc3 47. Nd7+ Ke7 48. Rd4 a5 49. Nc5 Qxa3 50. Re4+ Kd6 51. Nb7+ Kd7 52. Rd4+ Kc7 53. Nxa5 f5 54. Kf3 Qc1 55. Kf2 Qc3 56. Ke2 Qb2+ 57. Kf3 Qa1 58. Kf2 Qb2+ 59. Kf3 Qa1 60. Kf2 Qb2+ 61. Kf3 Qc2 62. g4 fxg4+ 63. Rxg4 Qf5+ 64. Rf4 Qh3+ 65. Ke2 1/2-1/2

[Event "Palanga Baltija op-A"]
[Site "Palanga"]
[Date "2014.06.19"]
[Round "6"]
[White "Vainovska, Valentina"]
[Black "Bisigirskas, Paulius"]
[Result "1-0"]
[WhiteElo "1834"]
[BlackElo "1642"]
[PlyCount "59"]
[EventDate "2014.06.16"]
[EventType "swiss"]
[EventRounds "9"]
[EventCountry "LTU"]
[SourceTitle "CBM 161 Extra"]
[Source "ChessBase"]
[SourceDate "2014.08.29"]
[SourceVersion "1"]
[SourceVersionDate "2014.08.29"]
[SourceQuality "1"]

1. d4 d5 2. c4 c6 3. Nf3 Nf6 4. cxd5 cxd5 5. Nc3 Nc6 6. Bf4 Bf5 7. e3 e6 8. Bb5 Nd7 9. 0-0 Be7 10. Rc1 Rc8 11. Qa4 a6 12. Bxc6 Rxc6 13. Ne2 Bd3 14. Rxc6 bxc6 15. Qd1 Bxe2 16. Qxe2 Qb6 17. Rc1 0-0 18. Qc2 c5 19. dxc5 Bxc5 20. Ng5 f5 21. Nf3 Qb5 22. Qc3 Re8 23. h3 Qa4 24. a3 a5 25. Ne5 Nxe5 26. Bxe5 Bf8 27. Qc7 Re7 28. Qb6 Qe4 29. Qb8 Kf7 30. Rc8 1-0

[Event "Palanga Baltija op-A"]
[Site "Palanga"]
[Date "2014.06.17"]
[Round "2"]
[White "Vainovska, Valentina"]
[Black "Zukauskas, Arnas Povilas"]
[Result "0-1"]
[WhiteElo "1834"]
[BlackElo "1653"]
[PlyCount "104"]
[EventDate "2014.06.16"]
[EventType "swiss"]
[EventRounds "9"]
[EventCountry "LTU"]
[SourceTitle "CBM 161 Extra"]
[Source "ChessBase"]
[SourceDate "2014.08.29"]
[SourceVersion "1"]
[SourceVersionDate "2014.08.29"]
[SourceQuality "1"]

1. d4 Nf6 2. c4 g6 3. Nc3 Bg7 4. e4 d6 5. f3 0-0 6. Be3 e5 7. d5 Ne8 8. Qd2 f5 9. 0-0-0 f4 10. Bf2 Qe7 11. Kb1 c6 12. Nge2 a6 13. Nc1 c5 14. Na4 Nd7 15. Qa5 Rb8 16. Nb3 b6 17. Qd2 b5 18. Nc3 Nc7 19. Nxc5 Nxc5 20. Bxc5 b4 21. Ne2 dxc5 22. d6 Qf7 23. dxc7 Qxc7 24. Nc1 Rb6 25. Nb3 Be6 26. Qf2 Rc6 27. Be2 a5 28. Rd2 a4 29. Nc1 Rd8 30. Rhd1 Rd4 31. b3 Rcd6 32. Rxd4 cxd4 33. Nd3 axb3 34. axb3 Ra6 35. Bf1 Ra3 36. Qb2 Bf8 37. Rc1 Qa5 38. Be2 Kf7 39. Bd1 Bd6 40. c5 Bc7 41. c6 Bd6 42. c7 Bxc7 43. Rc5 Qb6 44. Rc1 Bd6 45. g3 Qa6 46. Bc2 Ke7 47. gxf4 Bxb3 48. fxe5 Bxc2+ 49. Rxc2 Qxd3 50. exd6+ Kd7 51. Qc1 b3 52. Qxa3 bxc2+ 0-1

[Event "Palanga op"]
[Site "Palanga"]
[Date "2013.06.21"]
[Round "7"]
[White "Roos, Daniel"]
[Black "Vainovska, Valentina"]
[Result "0-1"]
[WhiteElo "1541"]
[BlackElo "1883"]
[PlyCount "22"]
[EventDate "2013.06.17"]
[EventType "swiss"]
[EventRounds "9"]
[EventCountry "LTU"]
[SourceTitle "EXT 2014"]
[Source "ChessBase"]
[SourceDate "2013.11.20"]
[SourceVersion "1"]
[SourceVersionDate "2013.11.20"]
[SourceQuality "1"]

1. e4 c5 2. Nf3 e6 3. d4 cxd4 4. Nxd4 a6 5. Nc3 Bc5 6. Be3 d6 7. e5 Qd7 8. exd6 Bxd6 9. Ne4 Be7 10. Qg4 f5 11. Qxg7 Bb4+ 0-1

[Event "Baltija Cup"]
[Site "Palanga"]
[Date "2012.06.20"]
[Round "2"]
[White "Vainovska, Valentina"]
[Black "Putka, Verner"]
[Result "0-1"]
[WhiteElo "1915"]
[BlackElo "2306"]
[PlyCount "58"]
[EventDate "2012.06.19"]
[EventType "swiss"]
[EventRounds "8"]
[EventCountry "LTU"]
[SourceTitle "CBM 149 Extra"]
[Source "ChessBase"]
[SourceDate "2012.08.24"]
[SourceVersion "1"]
[SourceVersionDate "2012.08.24"]
[SourceQuality "1"]

1. d4 Nf6 2. c4 e6 3. Nc3 Bb4 4. Qc2 c5 5. Nf3 cxd4 6. Nxd4 Nc6 7. Nxc6 bxc6 8. e3 0-0 9. Bd2 d5 10. Be2 e5 11. cxd5 cxd5 12. a3 Be7 13. 0-0 Bb7 14. Rfd1 Qd7 15. Bb5 Qe6 16. Be1 Rfc8 17. Qe2 Rab8 18. Rac1 Bd6 19. Ba4 e4 20. g3 Ng4 21. Qf1 Ne5 22. Nb5 Nf3+ 23. Kh1 d4 24. exd4 Qh6 25. Qg2 Nxd4 26. Nc3 Rxc3 27. Rxc3 Ne2 28. Re3 Nxg3+ 29. fxg3 Qxe3 0-1

[Event "Baltija Cup op-A"]
[Site "Palanga"]
[Date "2011.06.23"]
[Round "8"]
[White "Miknevicius, Laurynas"]
[Black "Vainovska, Valentina"]
[Result "1-0"]
[WhiteElo "1797"]
[BlackElo "1960"]
[PlyCount "77"]
[EventDate "2011.06.19"]
[EventType "swiss"]
[EventRounds "8"]
[EventCountry "LTU"]
[SourceTitle "EXT 2012"]
[Source "ChessBase"]
[SourceDate "2011.11.24"]
[SourceVersion "1"]
[SourceVersionDate "2011.11.24"]
[SourceQuality "1"]

1. d4 d5 2. c4 e6 3. Nc3 Nf6 4. cxd5 exd5 5. Bg5 Be7 6. e3 0-0 7. Qc2 Bg4 8. Bd3 Nbd7 9. f3 Bh5 10. Nge2 c5 11. 0-0 c4 12. Bf5 a6 13. a4 Bg6 14. Nf4 Re8 15. Bh4 a5 16. Bf2 Bxf5 17. Qxf5 g6 18. Qc2 Nb6 19. e4 g5 20. Nfe2 Qd7 21. Ng3 dxe4 22. fxe4 Ng4 23. Rad1 Bb4 24. Nb5 Nxf2 25. Rxf2 Rad8 26. Rdf1 Rf8 27. Rf6 Nc8 28. Qc1 Qg4 29. Nf5 Kh8 30. Qc2 Rfe8 31. e5 Ne7 32. h3 Qh5 33. Rh6 Qxh6 34. Nxh6 Kg7 35. Nf5+ Nxf5 36. Qxf5 h6 37. Nc3 Re6 38. Ne4 b6 39. Nf6 1-0

[Event "Baltija Cup op 7th"]
[Site "Palanga"]
[Date "2010.06.24"]
[Round "8"]
[White "Vainovska, Valentina"]
[Black "Janulynas, Jonas"]
[Result "0-1"]
[WhiteElo "1992"]
[BlackElo "1817"]
[PlyCount "127"]
[EventDate "2010.06.20"]
[EventType "swiss"]
[EventRounds "8"]
[EventCountry "LTU"]
[SourceTitle "EXT 2022"]
[Source "ChessBase"]
[SourceDate "2021.10.06"]
[SourceVersion "1"]
[SourceVersionDate "2021.10.06"]
[SourceQuality "1"]

1. d4 d5 2. c4 e6 3. Nf3 Nf6 4. Nc3 c6 5. e3 Nbd7 6. Bd3 dxc4 7. Bxc4 b5 8. Bd3 a6 9. 0-0 Bb7 10. Qe2 c5 11. b3 cxd4 12. exd4 Rc8 13. Bb2 Bb4 14. Rac1 0-0 15. Ne5 Bxc3 16. Bxc3 Nxe5 17. dxe5 Qd5 18. f3 Rxc3 19. Rxc3 Qd4+ 20. Kh1 Qxc3 21. exf6 Qxf6 22. Rc1 Rc8 23. Rxc8+ Bxc8 24. Qe4 Qa1+ 25. Bb1 g6 26. h3 Bb7 27. Qxb7 Qxb1+ 28. Kh2 Qxa2 29. Qb8+ Kg7 30. Qe5+ Kf8 31. Qd6+ Ke8 32. Qb8+ Kd7 33. Qb7+ Kd6 34. b4 Qa1 35. Qxf7 Qe5+ 36. Kg1 g5 37. Kf2 Kc6 38. Qe8+ Kd5 39. Qa8+ Kc4 40. Qxa6 Kxb4 41. Qb7 h5 42. Kf1 Kb3 43. Qh7 Qf5 44. Qxh5 b4 45. h4 Qd3+ 46. Kf2 Qd2+ 47. Kf1 Qd1+ 48. Kf2 Qd4+ 49. Ke2 gxh4 50. Qg6 Kc3 51. Qxe6 Qc4+ 52. Qxc4+ Kxc4 53. Kd2 Kd4 54. Kc2 Ke3 55. Kb3 Kf4 56. Kxb4 Kg3 57. Kc4 Kxg2 58. f4 h3 59. Kd5 h2 60. f5 h1Q 61. Ke6 Qh8 62. Ke7 Qg7+ 63. Ke6 Kg3 64. f6 0-1

[Event "Baltija Cup op 7th"]
[Site "Palanga"]
[Date "2010.06.22"]
[Round "4"]
[White "Cernavina, Ksenija"]
[Black "Vainovska, Valentina"]
[Result "1-0"]
[WhiteElo "1706"]
[BlackElo "1992"]
[PlyCount "96"]
[EventDate "2010.06.20"]
[EventType "swiss"]
[EventRounds "8"]
[EventCountry "LTU"]
[SourceTitle "EXT 2022"]
[Source "ChessBase"]
[SourceDate "2021.10.06"]
[SourceVersion "1"]
[SourceVersionDate "2021.10.06"]
[SourceQuality "1"]

1. c4 e5 2. Nc3 f5 3. e3 Nf6 4. g3 d6 5. Bg2 c6 6. Nge2 Be6 7. b3 Be7 8. 0-0 0-0 9. d4 Qc7 10. Bb2 Nbd7 11. Rc1 Rae8 12. d5 Bf7 13. Bh3 g6 14. Bg2 c5 15. Qd2 Nh5 16. f4 e4 17. a3 g5 18. fxg5 Bxg5 19. Rxf5 Bh6 20. Nb5 Qb8 21. g4 Ng7 22. Rf2 a6 23. Nbc3 Bg6 24. Rxf8+ Rxf8 25. Nxe4 Qe8 26. g5 Bxe4 27. gxh6 Nf5 28. Nf4 Nh4 29. Qf2 Bxg2 30. Qg3+ Ng6 31. Nxg2 Qe7 32. h4 Kf7 33. Bg7 Rg8 34. Rf1+ Ke8 35. h5 Nge5 36. Qf4 Kd8 37. Qf5 Re8 38. Qxh7 Ng4 39. e4 Kc7 40. Qf5 Nge5 41. Bxe5 Nxe5 42. Qf6 Ng4 43. Qg6 Qxe4 44. Rf7+ Kb8 45. Qxe4 Rxe4 46. Rf8+ Kc7 47. h7 Re7 48. h8Q Ne5 1-0